La tutela del passeggero nell’era dei vettori low cost Annotato con la giurisprudenza

Bibliographic Details
Main Author: Carnimeo, Nicol ̣
Format: eBook
Language:Italian
Published: Bari : Cacucci Editore, 2012
Subjects:
Online Access:http://www.vlex.com/source/11203

MARC

LEADER 00000nam a22000007a 4500
005 20130429172804.0
007 cr|||| ||||
008 130429e2012 it |||||s|||| 00||0 ita d
020 |a 9788866111689 
035 |a 11203 
040 |a vLex 
090 |c 4218  |d 4218 
100 1 0 |a Carnimeo, Nicol ̣ 
245 1 3 |a La tutela del passeggero nell’era dei vettori low cost  |b Annotato con la giurisprudenza  |c / Nicol ̣Carnimeo   |h [Recurso electrn̤ico] 
256 |a Servicio en ln̕ea 
260 |a Bari :  |b Cacucci Editore,   |c 2012 
300 |a 1 Recurso electrn̤ico 
506 |d vLex Global  |d vLex Global (Academic Edition, excluding Law Schools)  |d vLex Global (U.S. Academic Edition, Law Schools)  |d vLex Global (U.S. Academic Edition, excluding Law Schools)  |d vLex Global (Academic Edition, Law Schools) 
650 0 4 |a Transporte ařeo  |z Italia 
650 0 4 |a Derecho mercantil  |z Italia 
740 |a vLex libros (Servicio en ln̕ea) 
856 |a Acceso restringido  |u http://www.vlex.com/source/11203 
942 |c BOOK